Hacia una ciudad humanizada : SJO : buscando el alma de una ciudad latinoamericana
Wedi'i Gadw mewn:
| Prif Awdur: | |
|---|---|
| Awduron Eraill: | , , , |
| Fformat: | Anhysbys |
| Iaith: | Spanish |
| Cyhoeddwyd: |
San José, Costa Rica
2012
|
| Pynciau: | |
| Tagiau: |
Ychwanegu Tag
Dim Tagiau, Byddwch y cyntaf i dagio'r cofnod hwn!
|
MARC
| LEADER | 00000 a2200000 4500 | ||
|---|---|---|---|
| 003 | EA0022 | ||
| 005 | 20230213152757.0 | ||
| 008 | 140114s2012 cr a 000 ||spa d | ||
| 040 | |c cru CEDI | ||
| 090 | |a TFG EA-022 | ||
| 100 | |a Garnier Ortiz, Isabel |9 19946 | ||
| 245 | |a Hacia una ciudad humanizada : SJO : buscando el alma de una ciudad latinoamericana | ||
| 260 | |a San José, Costa Rica |c 2012 | ||
| 500 | |a Seminario de graduación (licenciatura en arquitectura)--Universidad de Costa Rica. Facultad de Ingeniería. Escuela de Arquitectura, | ||
| 501 | |a Director de Seminario de Graduación: Arq. Rolando Barahona-Sotela | ||
| 650 | |x ARQUITECTURA Y SOCIEDAD |x PERCEPCION URBANA |x SAN JOSE (COSTA RICA) |9 19950 | ||
| 700 | |9 19947 |a Hernández González, Carolina | ||
| 700 | |9 19948 |a Herrero Fernández, José Enrique | ||
| 700 | |9 19949 |a Pérez Oliva, Osmay | ||
| 700 | |9 79 |a Barahona Sotela, Rolando, 1944- |d Director del TFG | ||
| 942 | |c CEDI | ||
| 999 | |c 12873 |d 12873 | ||
